[Event "DSJ Weihnachtsturnier U20 2020"]
[Site "https://play.chessbase.com/en/play?room=DSJWeihnachtU20"]
[Date "2020.12.29"]
[Round "3"]
[White "Engel, Luis"]
[Black "Kölle, Tobias"]
[Result "1/2-1/2"]
[Termination "normal"]
[Board "1.1"]
[WhiteTitle "GM"]
[BlackTitle "FM"]
[WhiteElo "2553"]
[BlackElo "2340"]
[WhiteTeam "Hamburger SK von 1830"]
[BlackTeam "TSV Schönaich"]
[PlyCount "154"]
[WhiteFideId "12961523"]
[BlackFideId "16207378"]
[EventRounds "7"]
[EventType "team-swiss"]
[EventDate "2020.12.29"]

1. e4 {[%emt 0:00:02]} g6 {[%emt 0:00:06]} 2. d4 {[%emt 0:00:02]} Bg7 {[%emt
0:00:00]} 3. Nc3 {[%emt 0:00:01]} d6 {[%emt 0:00:01]} 4. f4 {[%emt 0:00:02]}
Nc6 {[%emt 0:00:03]} 5. Be3 {[%emt 0:00:26]} Nf6 {[%emt 0:00:22]} 6. Be2 {[%emt
0:00:25]} O-O {[%emt 0:00:14]} 7. e5 {[%emt 0:00:12]} Nd7 {[%emt 0:00:31]} 8.
Nf3 {[%emt 0:00:15]} Nb6 {[%emt 0:00:13]} 9. h4 {[%emt 0:00:44]} dxe5 {[%emt
0:00:07]} 10. fxe5 {[%emt 0:00:05]} Bg4 {[%emt 0:00:10]} 11. Qd2 {[%emt
0:01:05]} h5 {[%emt 0:00:50]} 12. O-O-O {[%emt 0:00:05]} Nb4 {[%emt 0:00:06]}
13. Ng5 { [%emt 0:00:43]} Bxe2 {[%emt 0:00:04]} 14. Qxe2 {[%emt 0:00:00]} N6d5
{[%emt 0:00:07]} 15. g4 {[%emt 0:00:49]} Nxc3 {[%emt 0:01:42]} 16. bxc3 {[%emt
0:00:00]} Nd5 {[%emt 0:00:02]} 17. gxh5 {[%emt 0:00:37]} Nxc3 {[%emt 0:00:03]}
18. Qc4 { [%emt 0:00:05]} Nxd1 {[%emt 0:00:01]} 19. hxg6 {[%emt 0:00:15]} e6
{[%emt 0:03:08]} 20. Rxd1 {[%emt 0:00:44]} Qd5 {[%emt 0:00:08]} 21. gxf7+
{[%emt 0:00:06]} Rxf7 {[%emt 0:00:01]} 22. Qxd5 {[%emt 0:00:53]} exd5 {[%emt
0:00:02]} 23. Nxf7 {[%emt 0:00:01]} Kxf7 {[%emt 0:00:00]} 24. Rf1+ {[%emt
0:00:01]} Ke6 {[%emt 0:00:09]} 25. Rg1 {[%emt 0:00:02]} Bh8 {[%emt 0:00:03]}
26. Rg6+ {[%emt 0:00:12]} Kf5 {[%emt 0:00:01]} 27. Rg5+ {[%emt 0:00:09]} Ke6
{[%emt 0:00:50]} 28. Rh5 { [%emt 0:00:12]} c5 {[%emt 0:00:04]} 29. Rh7 {[%emt
0:00:25]} b5 {[%emt 0:00:50] } 30. Rb7 {[%emt 0:00:14]} cxd4 {[%emt 0:00:05]}
31. Bxd4 {[%emt 0:00:02]} Bxe5 {[%emt 0:00:00]} 32. Rxa7 {[%emt 0:00:18]} Rh8
{[%emt 0:00:07]} 33. Ra6+ { [%emt 0:00:17]} Kf5 {[%emt 0:00:03]} 34. Bxe5
{[%emt 0:00:01]} Kxe5 {[%emt 0:00:00]} 35. Rb6 {[%emt 0:00:01]} Rxh4 {[%emt
0:00:06]} 36. Rxb5 {[%emt 0:00:01] } Kd6 {[%emt 0:00:02]} 37. Kb2 {[%emt
0:00:01]} Kc6 {[%emt 0:00:02]} 38. Rb3 { [%emt 0:00:01]} Kc5 {[%emt 0:00:03]}
39. a3 {[%emt 0:00:02]} Rg4 {[%emt 0:00:09]} 40. Rb8 {[%emt 0:00:02]} Rh4
{[%emt 0:00:07]} 41. Rc8+ {[%emt 0:00:10]} Kb5 {[%emt 0:00:05]} 42. Rd8 {[%emt
0:00:01]} Kc5 {[%emt 0:00:02]} 43. Rb8 { [%emt 0:00:02]} Rg4 {[%emt 0:00:03]}
44. Kb3 {[%emt 0:00:05]} Rg3+ {[%emt 0:00:02]} 45. Ka4 {[%emt 0:00:04]} Kd4
{[%emt 0:00:13]} 46. Rb4+ {[%emt 0:00:14]} Kc5 {[%emt 0:00:02]} 47. Rb5+ {[%emt
0:00:07]} Kc4 {[%emt 0:00:02]} 48. Rb4+ { [%emt 0:00:02]} Kc5 {[%emt 0:00:01]}
49. Rb3 {[%emt 0:00:01]} Rg8 {[%emt 0:00:14]} 50. Rc3+ {[%emt 0:00:03]} Kb6
{[%emt 0:00:01]} 51. Kb4 {[%emt 0:00:04]} Rg4+ {[%emt 0:00:02]} 52. Kb3 {[%emt
0:00:01]} Kb5 {[%emt 0:00:00]} 53. Rd3 { [%emt 0:00:02]} Kc5 {[%emt 0:00:02]}
54. a4 {[%emt 0:00:01]} Rb4+ {[%emt 0:00:01]} 55. Ka3 {[%emt 0:00:01]} Rc4
{[%emt 0:00:02]} 56. c3 {[%emt 0:00:02]} Rh4 {[%emt 0:00:07]} 57. Kb3 {[%emt
0:00:01]} Rh5 {[%emt 0:00:05]} 58. Rd4 { [%emt 0:00:03]} Rg5 {[%emt 0:00:02]}
59. Rb4 {[%emt 0:00:01]} Rg1 {[%emt 0:00:01]} 60. Rb5+ {[%emt 0:00:03]} Kc6
{[%emt 0:00:00]} 61. Rb4 {[%emt 0:00:05]} Rb1+ {[%emt 0:00:03]} 62. Kc2 {[%emt
0:00:01]} Ra1 {[%emt 0:00:01]} 63. Kb2 { [%emt 0:00:01]} Rh1 {[%emt 0:00:01]}
64. a5 {[%emt 0:00:01]} Kc5 {[%emt 0:00:02]} 65. a6 {[%emt 0:00:06]} Rh8 {[%emt
0:00:04]} 66. Kc2 {[%emt 0:00:07]} Ra8 {[%emt 0:00:01]} 67. Ra4 {[%emt
0:00:02]} Kb5 {[%emt 0:00:00]} 68. Rd4 { [%emt 0:00:02]} Rxa6 {[%emt 0:00:03]}
69. Rxd5+ {[%emt 0:00:01]} Kc4 {[%emt 0:00:00]} 70. Rd4+ {[%emt 0:00:01]} Kc5
{[%emt 0:00:00]} 71. Kd3 {[%emt 0:00:01]} Rh6 {[%emt 0:00:01]} 72. Rg4 {[%emt
0:00:01]} Rh3+ {[%emt 0:00:01]} 73. Kc2 { [%emt 0:00:01]} Rh8 {[%emt 0:00:01]}
74. Kb3 {[%emt 0:00:03]} Rb8+ {[%emt 0:00:01]} 75. Kc2 {[%emt 0:00:01]} Rh8
{[%emt 0:00:01]} 76. Kd3 {[%emt 0:00:02]} Rd8+ {[%emt 0:00:01]} 77. Kc2 {[%emt
0:00:02]} Rh8 {[%emt 0:00:01]} 1/2-1/2

[Event "DSJ Weihnachtsturnier U20 2020"]
[Site "https://play.chessbase.com/en/play?room=DSJWeihnachtU20"]
[Date "2020.12.29"]
[Round "3"]
[White "Richter, Nils"]
[Black "Woelk, Tom-Frederic"]
[Result "1/2-1/2"]
[Termination "normal"]
[Board "1.2"]
[WhiteTitle "FM"]
[WhiteElo "2294"]
[BlackElo "2245"]
[WhiteTeam "TSV Schönaich"]
[BlackTeam "Hamburger SK von 1830"]
[PlyCount "167"]
[WhiteFideId "12990809"]
[BlackFideId "12993077"]
[EventRounds "7"]
[EventType "team-swiss"]
[EventDate "2020.12.29"]

1. e4 {[%emt 0:00:03]} e5 {[%emt 0:00:01]} 2. Nf3 {[%emt 0:00:01]} Nc6 { [%emt
0:00:01]} 3. Bb5 {[%emt 0:00:00]} g6 {[%emt 0:00:05]} 4. O-O {[%emt 0:00:03]}
Bg7 {[%emt 0:00:02]} 5. c3 {[%emt 0:00:01]} a6 {[%emt 0:00:01]} 6. Ba4 { [%emt
0:00:01]} b5 {[%emt 0:00:01]} 7. Bc2 {[%emt 0:00:01]} Nge7 {[%emt 0:00:02]} 8.
d4 {[%emt 0:00:01]} exd4 {[%emt 0:00:01]} 9. cxd4 {[%emt 0:00:00]} d5 { [%emt
0:00:01]} 10. exd5 {[%emt 0:00:00]} Nb4 {[%emt 0:00:01]} 11. a4 {[%emt
0:00:22]} Nxc2 {[%emt 0:02:52]} 12. Qxc2 {[%emt 0:00:00]} b4 {[%emt 0:00:07]}
13. Bf4 {[%emt 0:00:30]} O-O {[%emt 0:00:29]} 14. Qxc7 {[%emt 0:00:16]} Nxd5 {
[%emt 0:00:04]} 15. Qxd8 {[%emt 0:00:02]} Rxd8 {[%emt 0:00:00]} 16. Be5 { [%emt
0:00:03]} Bxe5 {[%emt 0:00:30]} 17. dxe5 {[%emt 0:00:13]} Nf4 {[%emt 0:00:01]}
18. Nbd2 {[%emt 0:00:12]} Nd3 {[%emt 0:00:02]} 19. Ne4 {[%emt 0:02:15]} Bb7
{[%emt 0:00:24]} 20. Nfd2 {[%emt 0:01:23]} Nxb2 {[%emt 0:00:18]} 21. Nd6 {
[%emt 0:00:08]} Bd5 {[%emt 0:00:09]} 22. a5 {[%emt 0:00:17]} Rab8 {[%emt
0:01:20]} 23. f4 {[%emt 0:00:03]} b3 {[%emt 0:00:08]} 24. N2e4 {[%emt 0:00:17]}
Bxe4 {[%emt 0:00:29]} 25. Nxe4 {[%emt 0:00:00]} Nd3 {[%emt 0:00:01]} 26. Rab1 {
[%emt 0:00:21]} Rdc8 {[%emt 0:00:42]} 27. g3 {[%emt 0:01:32]} b2 {[%emt
0:00:02]} 28. Nf2 {[%emt 0:00:07] Schoenai002 bietet Remis} Nc1 {[%emt
0:01:06]} 29. Nd1 {[%emt 0:00:26]} Nd3 {[%emt 0:01:00]} 30. Nf2 {[%emt
0:00:03]} Nc1 { [%emt 0:00:01]} 31. Nd1 {[%emt 0:00:01]} Rc2 {[%emt 0:00:39]}
32. Rf2 {[%emt 0:00:45]} Ne2+ {[%emt 0:00:01]} 33. Kg2 {[%emt 0:00:11]} Rb3
{[%emt 0:00:03]} 34. Rxb2 {[%emt 0:00:34]} Rbxb2 {[%emt 0:00:02]} 35. Nxb2
{[%emt 0:00:00]} Rxb2 { [%emt 0:00:00]} 36. Kf1 {[%emt 0:00:00]} Nxg3+ {[%emt
0:00:07]} 37. hxg3 { [%emt 0:00:01]} Rb1+ {[%emt 0:00:01]} 38. Kg2 {[%emt
0:00:01]} Ra1 {[%emt 0:00:00]} 39. Rb2 {[%emt 0:00:10]} Rxa5 {[%emt 0:00:01]}
40. Rb8+ {[%emt 0:00:00]} Kg7 {[%emt 0:00:01]} 41. Rb7 {[%emt 0:00:00]} Kf8
{[%emt 0:00:04]} 42. e6 { [%emt 0:00:05]} fxe6 {[%emt 0:00:02]} 43. Rxh7 {[%emt
0:00:00]} Rb5 {[%emt 0:00:07]} 44. Kf3 {[%emt 0:00:04]} g5 {[%emt 0:00:03]} 45.
Ra7 {[%emt 0:00:20]} a5 {[%emt 0:00:01]} 46. fxg5 {[%emt 0:00:10]} Rxg5 {[%emt
0:00:01]} 47. Kf4 { [%emt 0:00:00]} Rd5 {[%emt 0:00:01]} 48. g4 {[%emt 0:00:01]
Schoenai002 bietet Remis} Kg8 {[%emt 0:00:05]} 49. Re7 {[%emt 0:00:06]} a4
{[%emt 0:00:09]} 50. Rxe6 {[%emt 0:00:06]} Ra5 {[%emt 0:00:02]} 51. Re2 {[%emt
0:00:04]} a3 { [%emt 0:00:01]} 52. Ra2 {[%emt 0:00:01]} Kf7 {[%emt 0:00:00]}
53. Ke3 {[%emt 0:00:01]} Ke6 {[%emt 0:00:01]} 54. Kd3 {[%emt 0:00:01]} Kd5
{[%emt 0:00:01]} 55. Kc3 {[%emt 0:00:01]} Kc5 {[%emt 0:00:08]} 56. Kb3 {[%emt
0:00:02]} Kd5 { [%emt 0:00:02]} 57. Rxa3 {[%emt 0:00:05]} Rb5+ {[%emt 0:00:01]}
58. Kc3 { [%emt 0:00:04]} Rb8 {[%emt 0:00:00]} 59. Ra5+ {[%emt 0:00:03]} Ke6
{[%emt 0:00:01]} 60. Kd3 {[%emt 0:00:02] HSK01-002 offers a draw} Kf6 {[%emt
0:00:07]} 61. Ke3 {[%emt 0:00:01]} Kg6 {[%emt 0:00:01]} 62. Kf4 {[%emt
0:00:01]} Rf8+ { [%emt 0:00:00]} 63. Kg3 {[%emt 0:00:01]} Rf6 {[%emt 0:00:00]}
64. Kh4 {[%emt 0:00:02]} Re6 {[%emt 0:00:00]} 65. Rg5+ {[%emt 0:00:01]} Kf6
{[%emt 0:00:02]} 66. Kh5 {[%emt 0:00:01]} Kf7 {[%emt 0:00:02]} 67. Rf5+ {[%emt
0:00:01]} Kg7 { [%emt 0:00:01]} 68. g5 {[%emt 0:00:01]} Re1 {[%emt 0:00:01]}
69. Rf3 {[%emt 0:00:05]} Rh1+ {[%emt 0:00:01]} 70. Kg4 {[%emt 0:00:01]} Rg1+
{[%emt 0:00:00]} 71. Rg3 {[%emt 0:00:00]} Rxg3+ {[%emt 0:00:01]} 72. Kxg3
{[%emt 0:00:01]} Kg6 { [%emt 0:00:00]} 73. Kg4 {[%emt 0:00:00]} Kg7 {[%emt
0:00:01]} 74. Kh5 {[%emt 0:00:00]} Kh7 {[%emt 0:00:01]} 75. g6+ {[%emt
0:00:00]} Kg7 {[%emt 0:00:01]} 76. Kg5 {[%emt 0:00:00]} Kg8 {[%emt 0:00:02]}
77. Kf5 {[%emt 0:00:00]} Kg7 { [%emt 0:00:01]} 78. Kg5 {[%emt 0:00:01]} Kg8
{[%emt 0:00:01]} 79. Kf6 {[%emt 0:00:00]} Kf8 {[%emt 0:00:01]} 80. Kg5 {[%emt
0:00:00]} Kg7 {[%emt 0:00:01]} 81. Kh5 {[%emt 0:00:00]} Kg8 {[%emt 0:00:01]}
82. Kh6 {[%emt 0:00:00]} Kh8 { [%emt 0:00:01]} 83. g7+ {[%emt 0:00:00]} Kg8
{[%emt 0:00:01]} 84. Kg6 {[%emt 0:00:00]} 1/2-1/2

[Event "DSJ Weihnachtsturnier U20 2020"]
[Site "https://play.chessbase.com/en/play?room=DSJWeihnachtU20"]
[Date "2020.12.29"]
[Round "3"]
[White "Holinka, Henning"]
[Black "Kilinc, Can"]
[Result "0-1"]
[Termination "normal"]
[Board "1.3"]
[WhiteElo "2256"]
[BlackElo "1932"]
[WhiteTeam "Hamburger SK von 1830"]
[BlackTeam "TSV Schönaich"]
[PlyCount "108"]
[WhiteFideId "12967084"]
[BlackFideId "16215117"]
[EventRounds "7"]
[EventType "team-swiss"]
[EventDate "2020.12.29"]

1. e4 {[%emt 0:00:06]} e5 {[%emt 0:00:15]} 2. Nf3 {[%emt 0:00:04]} Nc6 { [%emt
0:00:08]} 3. Bc4 {[%emt 0:00:10]} Bc5 {[%emt 0:00:07]} 4. c3 {[%emt 0:00:05]}
Nf6 {[%emt 0:00:03]} 5. d3 {[%emt 0:00:02]} d6 {[%emt 0:00:09]} 6. Bb3 { [%emt
0:00:03]} h6 {[%emt 0:00:05]} 7. h3 {[%emt 0:00:03]} a6 {[%emt 0:00:06]} 8.
Nbd2 {[%emt 0:00:05]} Ba7 {[%emt 0:00:05]} 9. a4 {[%emt 0:00:25]} O-O { [%emt
0:00:12]} 10. O-O {[%emt 0:00:10]} Re8 {[%emt 0:00:03]} 11. Re1 {[%emt
0:00:03]} Be6 {[%emt 0:00:01]} 12. Bc2 {[%emt 0:00:02]} d5 {[%emt 0:00:04]} 13.
Qe2 {[%emt 0:00:04]} d4 {[%emt 0:00:12]} 14. Nf1 {[%emt 0:00:32]} Qd7 {[%emt
0:00:10]} 15. Kh2 {[%emt 0:00:29]} Rad8 {[%emt 0:00:04]} 16. Bd2 {[%emt
0:00:09]} a5 {[%emt 0:00:23]} 17. Ng3 {[%emt 0:00:12]} Bc5 {[%emt 0:00:43]} 18.
Nh4 { [%emt 0:00:17]} Bf8 {[%emt 0:00:11]} 19. Nhf5 {[%emt 0:00:36]} Kh7 {[%emt
0:00:28]} 20. Qf3 {[%emt 0:00:39]} Ng8 {[%emt 0:01:06]} 21. Ne2 {[%emt
0:03:03]} Nge7 {[%emt 0:00:24]} 22. g4 {[%emt 0:00:05]} g6 {[%emt 0:00:13]} 23.
Neg3 { [%emt 0:00:40]} f6 {[%emt 0:01:35]} 24. Nxh6 {[%emt 0:00:43]} Bxh6
{[%emt 0:00:09]} 25. Bxh6 {[%emt 0:00:06]} Kxh6 {[%emt 0:00:00]} 26. Qxf6
{[%emt 0:00:06]} Rf8 {[%emt 0:00:09]} 27. Qh4+ {[%emt 0:00:19]} Kg7 {[%emt
0:00:02]} 28. Nf5+ { [%emt 0:00:12]} gxf5 {[%emt 0:00:50]} 29. gxf5 {[%emt
0:00:05]} Bxf5 {[%emt 0:00:06]} 30. exf5 {[%emt 0:00:11]} Qxf5 {[%emt 0:00:00]}
31. Rg1+ {[%emt 0:00:22]} Ng6 {[%emt 0:00:11]} 32. Rg2 {[%emt 0:00:29]} Qf4+
{[%emt 0:00:09]} 33. Qxf4 {[%emt 0:00:07]} Rxf4 {[%emt 0:00:00]} 34. Rag1
{[%emt 0:00:03]} Nce7 { [%emt 0:00:05]} 35. Bd1 {[%emt 0:00:04]} Rh8 {[%emt
0:00:26]} 36. cxd4 { [%emt 0:00:04]} exd4 {[%emt 0:00:02]} 37. Bg4 {[%emt
0:00:05]} Kf7 {[%emt 0:00:08]} 38. Re1 {[%emt 0:00:02]} Nh4 {[%emt 0:00:09]}
39. Rg3 {[%emt 0:00:10]} Rxf2+ {[%emt 0:00:26]} 40. Kg1 {[%emt 0:00:02]} Rf6
{[%emt 0:00:14]} 41. Bd1 { [%emt 0:00:03]} Kf8 {[%emt 0:00:18]} 42. Rg4 {[%emt
0:00:01]} Nf3+ {[%emt 0:00:04]} 43. Bxf3 {[%emt 0:00:01]} Rxf3 {[%emt 0:00:01]}
44. Rge4 {[%emt 0:00:01]} Rg8+ {[%emt 0:00:11]} 45. Kh2 {[%emt 0:00:01]} Re3
{[%emt 0:00:17]} 46. Rf1+ { [%emt 0:00:05]} Ke8 {[%emt 0:00:04]} 47. Rxd4
{[%emt 0:00:00]} Rf8 {[%emt 0:00:07]} 48. Rg1 {[%emt 0:00:02]} Rf2+ {[%emt
0:00:03]} 49. Rg2 {[%emt 0:00:00]} Rxg2+ {[%emt 0:00:02]} 50. Kxg2 {[%emt
0:00:00]} Re2+ {[%emt 0:00:07]} 51. Kf3 {[%emt 0:00:01]} Rxb2 {[%emt 0:00:01]}
52. h4 {[%emt 0:00:01]} Rb4 {[%emt 0:00:06]} 53. Rxb4 {[%emt 0:00:06]} axb4
{[%emt 0:00:00]} 54. Ke4 {[%emt 0:00:01]} b3 {[%emt 0:00:05]} 0-1

[Event "DSJ Weihnachtsturnier U20 2020"]
[Site "https://play.chessbase.com/en/play?room=DSJWeihnachtU20"]
[Date "2020.12.29"]
[Round "3"]
[White "Giebler, Kai"]
[Black "Engel, Robert"]
[Result "1-0"]
[Termination "normal"]
[Board "1.4"]
[WhiteElo "1880"]
[BlackElo "2113"]
[WhiteTeam "TSV Schönaich"]
[BlackTeam "Hamburger SK von 1830"]
[PlyCount "115"]
[WhiteFideId "12998664"]
[BlackFideId "12974684"]
[EventRounds "7"]
[EventType "team-swiss"]
[EventDate "2020.12.29"]

1. e4 {[%emt 0:00:14]} c5 {[%emt 0:00:02]} 2. Nf3 {[%emt 0:00:02]} d6 {[%emt
0:00:01]} 3. Bb5+ {[%emt 0:00:02]} Bd7 {[%emt 0:00:02]} 4. Bxd7+ {[%emt
0:00:02]} Qxd7 {[%emt 0:00:00]} 5. O-O {[%emt 0:00:01]} Nc6 {[%emt 0:00:04]} 6.
Re1 { [%emt 0:00:02]} e6 {[%emt 0:00:11]} 7. c3 {[%emt 0:00:01]} Be7 {[%emt
0:00:38]} 8. d4 {[%emt 0:00:05]} cxd4 {[%emt 0:00:05]} 9. cxd4 {[%emt 0:00:01]}
Nf6 { [%emt 0:01:04]} 10. Nc3 {[%emt 0:00:03]} O-O {[%emt 0:00:10]} 11. h3
{[%emt 0:00:03]} Rfd8 {[%emt 0:00:21]} 12. Be3 {[%emt 0:00:05]} a6 {[%emt
0:00:02]} 13. Qd2 {[%emt 0:00:06]} b5 {[%emt 0:00:08]} 14. a3 {[%emt 0:00:05]}
d5 {[%emt 0:00:51]} 15. e5 {[%emt 0:00:04]} Ne8 {[%emt 0:00:02]} 16. Bg5 {[%emt
0:00:32]} Rdb8 {[%emt 0:00:18]} 17. Bxe7 {[%emt 0:00:11]} Qxe7 {[%emt 0:00:03]}
18. Rec1 {[%emt 0:00:15]} Rc8 {[%emt 0:00:08]} 19. b4 {[%emt 0:00:22]} Qb7
{[%emt 0:00:30]} 20. Nd1 {[%emt 0:00:43]} a5 {[%emt 0:00:30]} 21. Nb2 {[%emt
0:00:25]} Nc7 {[%emt 0:00:21]} 22. Nd3 {[%emt 0:00:03]} axb4 {[%emt 0:00:34]}
23. axb4 { [%emt 0:00:17]} Na6 {[%emt 0:00:34]} 24. Qb2 {[%emt 0:00:22]} Qe7
{[%emt 0:00:15]} 25. Rab1 {[%emt 0:00:37]} f6 {[%emt 0:00:03]} 26. Rc2 {[%emt
0:00:15]} Ra7 {[%emt 0:00:09]} 27. Rbc1 {[%emt 0:00:40]} Rac7 {[%emt 0:00:01]}
28. Qa3 { [%emt 0:00:12]} Ncb8 {[%emt 0:01:17]} 29. Rxc7 {[%emt 0:00:50]} Rxc7
{[%emt 0:00:00]} 30. Nc5 {[%emt 0:00:49]} Nxc5 {[%emt 0:00:14]} 31. bxc5 {[%emt
0:00:07] } Ra7 {[%emt 0:00:05]} 32. Qb4 {[%emt 0:00:07]} Qb7 {[%emt 0:00:04]}
33. Rb1 { [%emt 0:00:07]} Nc6 {[%emt 0:00:20]} 34. Qxb5 {[%emt 0:00:03]} Qxb5
{[%emt 0:00:02]} 35. Rxb5 {[%emt 0:00:01]} fxe5 {[%emt 0:00:01]} 36. Nxe5
{[%emt 0:00:06]} Nxe5 {[%emt 0:00:15]} 37. dxe5 {[%emt 0:00:00]} Ra1+ {[%emt
0:00:04]} 38. Kh2 {[%emt 0:00:01]} Rc1 {[%emt 0:00:01]} 39. Kg3 {[%emt
0:00:12]} Rc3+ { [%emt 0:00:04]} 40. Kf4 {[%emt 0:00:05]} Kf7 {[%emt 0:00:03]}
41. Rb7+ { [%emt 0:00:10]} Kg6 {[%emt 0:00:02]} 42. Re7 {[%emt 0:00:08]} Rc4+
{[%emt 0:00:05]} 43. Kg3 {[%emt 0:00:08]} Kf5 {[%emt 0:00:11]} 44. Rxg7 {[%emt
0:00:08]} Kxe5 {[%emt 0:00:01]} 45. Rxh7 {[%emt 0:00:20]} Rxc5 {[%emt 0:00:01]}
46. f4+ { [%emt 0:00:02]} Ke4 {[%emt 0:00:10]} 47. Re7 {[%emt 0:00:02]} Rc6
{[%emt 0:00:03]} 48. Kg4 {[%emt 0:00:08]} Rd6 {[%emt 0:00:03]} 49. f5 {[%emt
0:00:11]} e5 { [%emt 0:00:12]} 50. Re6 {[%emt 0:00:33]} Rd8 {[%emt 0:00:04]}
51. f6 {[%emt 0:00:12]} d4 {[%emt 0:00:22]} 52. f7 {[%emt 0:00:09]} d3 {[%emt
0:00:08]} 53. Re8 {[%emt 0:00:04]} d2 {[%emt 0:00:05]} 54. Rxd8 {[%emt
0:00:02]} Ke3 {[%emt 0:00:06]} 55. f8=Q {[%emt 0:00:02]} e4 {[%emt 0:00:02]}
56. Qf4+ {[%emt 0:00:03]} Ke2 {[%emt 0:00:01]} 57. Rxd2+ {[%emt 0:00:01]} Ke1
{[%emt 0:00:00]} 58. Qf2# { [%emt 0:00:01]} 1-0

[Event "DSJ Weihnachtsturnier U20 2020"]
[Site "https://play.chessbase.com/en/play?room=DSJWeihnachtU20"]
[Date "2020.12.29"]
[Round "3"]
[White "Nguyen, Alex Dac-Vuong"]
[Black "Reuker, Jari"]
[Result "1-0"]
[Termination "normal"]
[Board "2.1"]
[WhiteTitle "FM"]
[WhiteElo "2307"]
[BlackElo "2423"]
[WhiteTeam "Schachgemeinschaft Leipzig"]
[BlackTeam "SV Werder Bremen"]
[PlyCount "63"]
[WhiteFideId "12984388"]
[BlackFideId "12909300"]
[EventRounds "7"]
[EventType "team-swiss"]
[EventDate "2020.12.29"]

1. e4 {[%emt 0:00:05]} e5 {[%emt 0:00:02]} 2. Nf3 {[%emt 0:00:03]} Nc6 { [%emt
0:00:01]} 3. Bb5 {[%emt 0:00:04]} Nf6 {[%emt 0:00:01]} 4. O-O {[%emt 0:00:02]}
Nxe4 {[%emt 0:00:02]} 5. d4 {[%emt 0:00:01]} Nd6 {[%emt 0:00:01]} 6. Bxc6
{[%emt 0:00:01]} dxc6 {[%emt 0:00:00]} 7. dxe5 {[%emt 0:00:01]} Nf5 { [%emt
0:00:01]} 8. Qxd8+ {[%emt 0:00:01]} Kxd8 {[%emt 0:00:00]} 9. Nc3 { [%emt
0:00:01]} Be7 {[%emt 0:00:02]} 10. Bg5 {[%emt 0:00:34]} Bxg5 {[%emt 0:00:19]}
11. Nxg5 {[%emt 0:00:04]} Ke7 {[%emt 0:00:01]} 12. Rad1 {[%emt 0:00:12]} h6
{[%emt 0:00:04]} 13. Nf3 {[%emt 0:00:17]} g5 {[%emt 0:00:38]} 14. h3 { [%emt
0:00:24]} Be6 {[%emt 0:00:52]} 15. g4 {[%emt 0:00:23]} Ng7 {[%emt 0:00:05]} 16.
Kg2 {[%emt 0:00:12]} Bc4 {[%emt 0:00:34]} 17. Rfe1 {[%emt 0:00:09]} Ne6 {[%emt
0:00:02]} 18. Kg3 {[%emt 0:00:12]} Nf4 {[%emt 0:00:21]} 19. h4 { [%emt
0:00:18]} Rag8 {[%emt 0:01:31]} 20. Nd4 {[%emt 0:00:35]} Be6 {[%emt 0:00:26]}
21. Ne4 {[%emt 0:00:39]} Bc8 {[%emt 0:02:16]} 22. c4 {[%emt 0:00:42]} Ng6
{[%emt 0:01:37]} 23. hxg5 {[%emt 0:00:35]} hxg5 {[%emt 0:00:08]} 24. Nxg5 {
[%emt 0:00:06]} a6 {[%emt 0:01:13]} 25. f4 {[%emt 0:00:15]} c5 {[%emt 0:00:17]}
26. Ndf3 {[%emt 0:00:12]} Nf8 {[%emt 0:00:09]} 27. f5 {[%emt 0:00:07]} Nh7 {
[%emt 0:00:02]} 28. Nxh7 {[%emt 0:00:34]} Rxh7 {[%emt 0:00:00]} 29. Kf4 { [%emt
0:00:14]} b6 {[%emt 0:00:06]} 30. Rd2 {[%emt 0:00:16]} Bb7 {[%emt 0:00:04]} 31.
f6+ {[%emt 0:00:04]} Ke8 {[%emt 0:00:07]} 32. Red1 {[%emt 0:00:08] Zeit} 1-0

[Event "DSJ Weihnachtsturnier U20 2020"]
[Site "https://play.chessbase.com/en/play?room=DSJWeihnachtU20"]
[Date "2020.12.29"]
[Round "3"]
[White "Wachinger, Nikolas"]
[Black "Faßhauer, Jacob"]
[Result "1-0"]
[Termination "normal"]
[Board "2.2"]
[WhiteElo "2369"]
[BlackElo "2127"]
[WhiteTeam "SV Werder Bremen"]
[BlackTeam "Schachgemeinschaft Leipzig"]
[PlyCount "83"]
[WhiteFideId "12962791"]
[BlackFideId "12990167"]
[EventRounds "7"]
[EventType "team-swiss"]
[EventDate "2020.12.29"]

1. e4 {[%emt 0:00:06]} c5 {[%emt 0:00:09]} 2. Nf3 {[%emt 0:00:03]} e6 {[%emt
0:00:02]} 3. c4 {[%emt 0:00:26]} Nc6 {[%emt 0:00:03]} 4. Be2 {[%emt 0:00:08]}
d5 {[%emt 0:00:07]} 5. exd5 {[%emt 0:00:07]} exd5 {[%emt 0:00:01]} 6. d4 {[%emt
0:00:09]} dxc4 {[%emt 0:00:03]} 7. d5 {[%emt 0:00:24]} Nb4 {[%emt 0:00:42]} 8.
Bxc4 {[%emt 0:00:04]} Nf6 {[%emt 0:00:21]} 9. Nc3 {[%emt 0:00:09]} Bd6 { [%emt
0:01:00]} 10. O-O {[%emt 0:00:43]} O-O {[%emt 0:00:06]} 11. Bg5 {[%emt
0:00:49]} h6 {[%emt 0:00:20]} 12. Bh4 {[%emt 0:00:16]} Bf5 {[%emt 0:00:09]} 13.
Qd2 {[%emt 0:00:42]} Rc8 {[%emt 0:01:25]} 14. h3 {[%emt 0:01:10]} a6 {[%emt
0:01:54]} 15. a3 {[%emt 0:00:18]} b5 {[%emt 0:00:01]} 16. Be2 {[%emt 0:01:08]}
Nc2 {[%emt 0:00:05]} 17. Rac1 {[%emt 0:00:02]} b4 {[%emt 0:01:14]} 18. Nd1 {
[%emt 0:00:05]} Nd4 {[%emt 0:01:52]} 19. Nxd4 {[%emt 0:00:21]} cxd4 {[%emt
0:00:04]} 20. Rxc8 {[%emt 0:00:02]} Bxc8 {[%emt 0:00:11]} 21. Qxd4 {[%emt
0:00:07]} bxa3 {[%emt 0:00:04]} 22. bxa3 {[%emt 0:00:03]} Bxa3 {[%emt 0:00:19]}
23. Ne3 {[%emt 0:00:06]} Be7 {[%emt 0:00:10] SGLeipz1-002 offers a draw} 24.
Rd1 { [%emt 0:00:51]} Ne8 {[%emt 0:00:04]} 25. Bxe7 {[%emt 0:00:08]} Qxe7
{[%emt 0:00:01]} 26. d6 {[%emt 0:00:01]} Qd7 {[%emt 0:00:01]} 27. Bg4 {[%emt
0:00:14]} f5 {[%emt 0:00:13]} 28. Nxf5 {[%emt 0:00:08]} Rxf5 {[%emt 0:00:02]}
29. Bxf5 { [%emt 0:00:01]} Qxf5 {[%emt 0:00:01]} 30. d7 {[%emt 0:00:01]} Bxd7
{[%emt 0:00:02]} 31. Qxd7 {[%emt 0:00:01]} Qg6 {[%emt 0:00:09]} 32. Re1 {[%emt
0:00:07]} Nf6 {[%emt 0:00:01]} 33. Qe6+ {[%emt 0:00:02]} Kh7 {[%emt 0:00:01]}
34. Qxa6 { [%emt 0:00:02]} Qc2 {[%emt 0:00:03]} 35. Qe2 {[%emt 0:00:02]} Qc3
{[%emt 0:00:01]} 36. Rd1 {[%emt 0:00:03]} Kh8 {[%emt 0:00:02]} 37. Rd8+ {[%emt
0:00:04]} Ng8 {[%emt 0:00:01]} 38. g3 {[%emt 0:00:31]} Qa1+ {[%emt 0:00:06]}
39. Kh2 { [%emt 0:00:04]} Qf6 {[%emt 0:00:03]} 40. Ra8 {[%emt 0:00:04]} Kh7
{[%emt 0:00:02]} 41. Qc2+ {[%emt 0:00:02]} Kh8 {[%emt 0:00:01]} 42. Qa2 {[%emt
0:00:01]} 1-0